Visualizzazione normale
Vista MARC
- Roach Max
di Personal Name
Records bibliografici associati: 1
001 - CONTROL NUMBER
- control field: 30679
003 - CONTROL NUMBER IDENTIFIER
- control field: IT-RoPau
005 - DATE AND TIME OF LATEST TRANSACTION
- control field: 20140619114631.0
008 - FIXED-LENGTH DATA ELEMENTS
- fixed length control field: 140619|| aca||aabn | a|a d
040 ## - CATALOGING SOURCE
- Original cataloging agency: IT-RoPau
- Transcribing agency: IT-RoPau
100 ## - HEADING--PERSONAL NAME
- Personal name: Roach Max
- Dates associated with a name: Codice autore SPICS: 16225
- Relator term: Autore
- Name of part/section of a work: Mendacity
670 ## - SOURCE DATA FOUND
- Source citation: Work cat.: (IT-RoPau)99328: AA.VV. 794, Impulse Story